| 000 | 01850cpcaa2200409 4500 | ||
|---|---|---|---|
| 001 | mm 82060376 | ||
| 003 | DLC | ||
| 005 | 20260227111716.0 | ||
| 007 | cr ||||||||||| | ||
| 008 | 820519|||||||||||| eng | ||
| 010 | _amm 82060376 | ||
| 040 |
_aDLC _cDLC _edacs _dDLC |
||
| 072 | 7 |
_aS _2lcmd |
|
| 100 | 1 |
_aMontessori, Maria, _d1870-1952. |
|
| 245 | 0 | 0 |
_aMaria Montessori lectures, _f1913-1917. |
| 300 |
_a54 _fitems. |
||
| 300 |
_a2 _fcontainers. |
||
| 300 |
_a1 _fmicrofilm reel. |
||
| 300 |
_a0.8 _flinear feet. |
||
| 351 | _aOrganized by year of copyright and therein by registration number. | ||
| 506 | 0 | _aOpen to research. | |
| 520 | 8 | _aLectures presented at training classes, 1913-1914, and at the Montessori Normal College, New York, N.Y., in 1916. Lectures translated from Italian into English and deposited for copyright in the Library of Congress. | |
| 530 |
_aMicrofilm edition available, _dno. 19,130. |
||
| 533 |
_aMicrofilm produced from originals in the Manuscript Division. _bWashington, D.C. : _cLibrary of Congress Photoduplication Service, _d1985. |
||
| 545 | 0 | _aPhysician and educator. | |
| 546 | _aCollection material in English. | ||
| 555 | 8 |
_aFinding aid available in the Library of Congress Manuscript Reading Room and at _uhttp://hdl.loc.gov/loc.mss/eadmss.ms009333 |
|
| 610 | 2 | 0 | _aMontessori Normal College. |
| 650 | 0 | _aEducation. | |
| 650 | 0 | _aMontessori method of education. | |
| 656 | 7 |
_aEducators. _2itoamc |
|
| 656 | 7 |
_aPhysicians. _2itoamc |
|
| 856 | 4 |
_3Finding aid _uhttp://hdl.loc.gov/loc.mss/eadmss.ms009333 |
|
| 856 | 4 |
_3Finding aid (PDF) _uhttp://hdl.loc.gov/loc.mss/eadmss.ms009333.3 |
|
| 999 |
_c43691 _d43691 |
||